Una escuela en y para la diversidad : (Record no. 28884)

MARC details
000 -LEADER
campo de control de longitud fija 00567nam a22001937a 4500
001 - NÚMERO DE CONTROL
campo de control 00028843
008 - DATOS DE LONGITUD FIJA--INFORMACIÓN GENERAL
campo de control de longitud fija 260423b ag ||||| |||| 00| 0 spa d
020 ## - NÚMERO INTERNACIONAL ESTÁNDAR DEL LIBRO
Número Internacional Estándar del Libro 9507015116
040 ## - FUENTE DE CATALOGACIÓN
Lengua de catalogación Español; Castellano
Centro/agencia transcriptor AR-CcCEOS
080 ## - NÚMERO DE LA CLASIFICACIÓN DECIMAL UNIVERSAL
Número de la Clasificación Decimal Universal 376
090 ## - LOCALMENTE ASIGNADO TIPO-LC NÚMERO DE CLASIFICACIÓN (OCLC); NÚMERO DE CLASIFICACIÓN LOCAL (RLIN)
Número cutter local (OCLC) ; Número de libro/Signatura topográfica íntegra, CALL (RLIN) DEV
100 1# - ENTRADA PRINCIPAL--NOMBRE DE PERSONA
Nombre de persona Devalle de Rendo, Alicia,
Fechas asociadas al nombre 1942-2006
9 (RLIN) 1098
245 ## - MENCIÓN DEL TÍTULO
Título Una escuela en y para la diversidad :
Resto del título el entramado de la diversidad /
Mención de responsabilidad, etc. Alicia Devalle de Rendo y Viviana Vega
250 ## - MENCION DE EDICION
Mención de edición 1ª ed.
260 ## - PUBLICACIÓN, DISTRIBUCIÓN, ETC.
Lugar de publicación, distribución, etc. Buenos Aires :
Nombre del editor, distribuidor, etc. Aique.
300 ## - DESCRIPCIÓN FÍSICA
Extensión 246 p. ;
Dimensiones 24x12 cm.
942 ## - ELEMENTOS DE ENTRADA SECUNDARIOS (KOHA)
Fuente de la clasificación o esquema de estantería Clasificación decimal universal
Tipo de ítem Koha Libros
945 ## -
-- 66467
-- Melina Rolando
-- 66467
-- Melina Rolando
Holdings
Estatus retirado Estado de pérdida Fuente de la clasificación o esquema de estantería Estado de daño No para préstamo Colección Biblioteca de origen Biblioteca actual Fecha de adquisición Fuente de adquisición Número de inventario Total de préstamos Signatura topográfica completa Código de barras Visto por última vez Precio de reemplazo Tipo de ítem Koha
    Clasificación decimal universal     SER Biblioteca Julio Serebrinsky Biblioteca Julio Serebrinsky 23/04/2026 Donación 44065   376 44065 23/04/2026 23/04/2026 Libros